000
00271 a2200121 4500
001
34250
082
_a
297.6 HAR
090
_c
22661
_d
22661
100
_a
Harder,Elma Ruth
245
_a
Yusuf and His Brothers
260
_a
lahore
_b
Sohail academy
_c
2000
300
_a
40
942
_a
NUST-CAE
_k
297.6 HAR
999
_c
269323
_d
269323